Bring Me The Horizon - Sempiternal - Statistiques

Statistiques générales
  • Ce quiz a été pris 42 fois
  • Le résultat moyen est 8 sur 14
Statistiques - réponses
Titre % Correct
Can You Feel My Heart
93%
Shadow Moses
83%
Sleepwalking
77%
Empire (Let Them Sing)
63%
Hospital For Souls
63%
The House Of Wolves
63%
Antivist
57%
Crooked Young
53%
Deathbeds
53%
And the Snakes Start to Sing
50%
Go To Hell, for Heaven's Sake
47%
Seen It All Before
33%
Join The Club
30%
Chasing Rainbows
13%
Aucun quiz correspondant
Distribution des résultats
% des personnes avec chaque résultat
Percentile par nombre de réponses
Votre historique - résultats
Vous n’avez pas pris ce quiz